[Event "Revanche"]
[Site "http://www.queenalice.com/game.php?id=1824560"]
[Date "2023.11.3"]
[Round "-"]
[White "wj64"]
[Black "chyco"]
[Result "0-1"]
[WhiteElo "1703"]
[BlackElo "1500"]

1. e4 a6 2. d3 b5 3. d4 d5 4. e5 e6 5. g3 g5 6. Qh5 h6 7. g4 Nc6 8. c3 b4 9. Ne2
bxc3 10. Nbxc3 Nb4 11. Kd2 Bd7 12. a3 Nc6 13. Qh3 Bg7 14. Qg3 Nge7 15. Ke1 Ng6
16. f4 gxf4 17. Bxf4 h5 18. g5 h4 19. Qe3 Qb8 20. b4 Qb6 21. Na4 Qb5 22. Nec3
Qb7 23. h3 Qa7 24. Nc5 a5 25. Ba6 Nce7 26. b5 Nf5 27. Qf2 Rb8 28. a4 Bf8 29. Be3
c6 30. Rf1 Rh7 31. bxc6 Bxc6 32. Bd3 Rb4 33. Rb1 Nge7 34. Na6 Rxb1+ 35. Nxb1
Bxa4 36. Bd2 Qb7 37. Nc5 Qc6 38. Bxa5 Bb5 39. Rg1 Bxd3 40. Nxd3 Qa4 41. Bb6 Qb5
42. Qc2 Qxb6 43. Qb2 Qxb2 44. Nxb2 Nxd4 45. Nd2 Nef5 46. g6 Rg7 47. Kf2 fxg6 48.
Rc1 Rd7 49. Rg1 Kf7 50. Nf3 Bc5 51. Ng5+ Kg7 52. Nxe6+ Nxe6+ 53. Kg2 Bxg1 54.
Kxg1 Rb7 55. Nd3 Rb1+ 56. Kg2 d4 57. Kf2 Ne3 58. Ke2 Rh1 59. Nf2 Rh2 60. Kf3 Rg2
61. Nd3 Rg3+ 62. Ke4 Rg1 63. Kf3 g5 64. Kf2 Ra1 65. Kf3 Ra3 66. Nb4 Nc2+ 67. Kg4
Nxb4 68. Kh5 d3 69. Kg4 d2 70. Kf5 Kf7 71. Kg4 d1=Q+ 72. Kf5 Qf3# 0-1

[Event "Challenge"]
[Site "http://www.queenalice.com/game.php?id=1824928"]
[Date "2023.11.10"]
[Round "-"]
[White "Mr_SPOCK"]
[Black "chyco"]
[Result "1-0"]
[WhiteElo "1773"]
[BlackElo "1524"]

1. e4 e5 2. Qh5 d6 3. Bc4 g6 4. Qf3 Qe7 5. d3 a6 6. a4 c5 7. Bg5 f6 8. Bd2 Nc6
9. Nc3 Nd4 10. Qd1 h5 11. Nd5 Qd8 12. c3 Nc6 13. Nf3 Be6 14. O-O Na5 15. Ba2 Ne7
16. Nxf6+ Kf7 17. Bg5 Bxa2 18. Rxa2 Qc8 19. b4 Qe6 20. Ra3 cxb4 21. cxb4 Nac6
22. Rb3 Ng8 23. b5 axb5 24. Rxb5 Rb8 25. Rb6 Nxf6 26. Qb1 Na5 27. d4 Nd7 28. d5
Qe8 29. Rb5 b6 30. Qb2 Bg7 31. Bh4 Nc5 32. Ng5+ Kg8 33. Ra1 Qf8 34. f3 Qf4 35.
g3 Qe3+ 36. Kg2 Nd7 37. Qc2 Qd4 38. Qc7 Qxa1 39. Qxd7 Qa2+ 40. Kh3 Rf8 41. Rxb6
Nc4 42. Rb8 Ne3 43. Rxf8+ 1-0

[Event "Duelo 01"]
[Site "http://www.queenalice.com/game.php?id=1825523"]
[Date "2023.11.20"]
[Round "-"]
[White "wj64"]
[Black "chyco"]
[Result "1-0"]
[WhiteElo "1687"]
[BlackElo "1518"]

1. e4 e5 2. Bc4 g6 3. a3 a6 4. Nf3 b5 5. Ba2 d6 6. b4 Nf6 7. d3 c6 8. Ng5 Be6 9.
Bxe6 fxe6 10. Nxe6 Qe7 11. Ng5 h6 12. Nh3 g5 13. g4 Qd7 14. f3 Qc7 15. Be3 a5
16. c3 a4 17. Nd2 Be7 18. Nf2 h5 19. Bxg5 hxg4 20. Bxf6 Bxf6 21. Nxg4 Bg5 22.
Nf1 Rh3 23. Ng3 Bh4 24. Rg1 Qf7 25. Nf2 Nd7 26. Nxh3 O-O-O 27. Kd2 Qe6 28. Nf5
Bf6 29. Nf2 Rh8 30. h3 Nf8 31. Ke2 Rh5 32. Qc2 Rh8 33. c4 Rh7 34. cxb5 c5 35.
bxc5 Kd8 36. cxd6 Rd7 37. Qxa4 Ke8 38. b6 Kf7 39. Ke3 Bd8 40. Qc6 Bxb6+ 41. Qxb6
Qe8 42. Qb3+ Ne6 43. Ng4 Qg8 44. Ngh6+ Kf6 45. Rxg8 Ng5 46. Ng4# 1-0

[Event "Duelo 2"]
[Site "http://www.queenalice.com/game.php?id=1825524"]
[Date "2023.11.20"]
[Round "-"]
[White "chyco"]
[Black "wj64"]
[Result "0-1"]
[WhiteElo "1528"]
[BlackElo "1663"]

1. d4 d5 2. c3 b6 3. h3 Bb7 4. g4 g5 5. Nf3 f6 6. e3 Nc6 7. Bb5 Qd6 8. Na3 O-O-O
9. Bd2 Nh6 10. Qc2 e6 11. O-O-O a5 12. c4 Na7 13. b4 axb4 14. Nb1 dxc4 15. Qxc4
Bxf3 16. Bxb4 Qd5 17. Ba6+ Kb8 18. Qxd5 Rxd5 19. Bxf8 Rxf8 20. Rhe1 Bxd1 21.
Rxd1 Ra5 22. Bc4 Re8 23. Rd2 Ra4 24. Bb3 Ra6 25. Nc3 b5 26. Rb2 Rc6 27. Kd2 b4
28. Ne4 e5 29. Bd5 Rb6 30. Nc5 Rd8 31. Be4 exd4 32. Ke2 Nc8 33. Bxh7 Nd6 34. Bd3
Ka7 35. exd4 Re8+ 36. Kf1 c6 37. Nd7 Rb7 38. Nxf6 Rf8 39. Nh5 Rf3 40. Be4 Nxe4
41. Rc2 Rxh3 42. Rxc6 Rh2 43. Rxh6 Rxf2+ 44. Kg1 Rxa2 45. Re6 Nc3 46. Rd6 Rc7
47. Nf6 Ne2+ 48. Kf2 Rc3 49. Rd7+ Kb8 50. Rd8+ Ka7 51. Rd7+ Ka6 52. Rd6+ Kb7 53.
Rd7+ Kc8 54. Re7 Nxd4+ 55. Kf1 Rf3+ 56. Ke1 Rxf6 57. Re5 Nf3+ 58. Kd1 Nxe5 0-1

[Event "Challenge"]
[Site "http://www.queenalice.com/game.php?id=1826016"]
[Date "2023.11.26"]
[Round "-"]
[White "chyco"]
[Black "Mr_SPOCK"]
[Result "0-1"]
[WhiteElo "1517"]
[BlackElo "1686"]

1. c3 e5 2. e4 Bc5 3. Qe2 Nf6 4. b4 Bb6 5. f3 Nc6 6. b5 Nb8 7. Nh3 c6 8. a4 c5
9. Qc4 O-O 10. Qd3 d6 11. c4 a6 12. g4 Bxg4 13. fxg4 Nxg4 14. Qg3 Qf6 15. d3
Ba5+ 16. Bd2 Bxd2+ 17. Kxd2 h5 18. Be2 axb5 19. cxb5 Qh6+ 20. Kc2 Ne3+ 21. Kc3
d5 22. Nd2 d4+ 23. Kb2 Nd7 24. Nf3 Ra5 25. Nh4 Nb6 26. Kb3 Qe6+ 27. Kb2 Nxa4+
28. Kc1 Qb3 29. Bd1 Qb2# 0-1

[Event "Dezembro"]
[Site "http://www.queenalice.com/game.php?id=1827152"]
[Date "2023.12.13"]
[Round "-"]
[White "wj64"]
[Black "chyco"]
[Result "0-1"]
[WhiteElo "1666"]
[BlackElo "1506"]

1. d4 d5 2. Nc3 c6 3. b4 h6 4. e3 g5 5. f3 Nd7 6. g4 b5 7. Bg2 Nb6 8. Nge2 f6 9.
O-O h5 10. h3 h4 11. e4 e6 12. e5 fxe5 13. dxe5 Bg7 14. f4 Bh6 15. fxg5 Bxg5 16.
Bf4 Nh6 17. Bh2 Nf7 18. Qd3 Nc4 19. Qg6 Rf8 20. Nd4 Qe7 21. Nxc6 Qd7 22. Nd4
Be3+ 23. Kh1 Qe7 24. Bg1 Bd7 25. Nf3 O-O-O 26. Ne2 Rg8 27. Qd3 Bxg1 28. Nexg1
Ncxe5 29. Qd4 Nc6 30. Qb2 Nxb4 31. Qc3+ Kb7 32. Qd2 Rc8 33. Nd4 Rc4 34. Rfc1 Ng5
35. c3 Na6 36. Re1 Rf8 37. Re5 Kb6 38. Bxd5 Rc5 39. Rxg5 Rxd5 40. Rxd5 exd5 41.
Re1 Qd6 42. Nde2 Nc5 43. Qe3 Ka6 44. Kg2 Ne4 45. Rf1 Rg8 46. Rf4 Nf6 47. Kf1 Ne4
48. Nf3 Rh8 49. Qd4 Rh6 50. Rxe4 dxe4 51. Qxd6+ Rxd6 52. Nfd4 Ka5 53. Ke1 Ka4
54. Kd2 Ka3 55. Nc1 Rf6 56. Nf5 Bxf5 57. gxf5 Rxf5 58. Ke3 Rf3+ 59. Kxe4 Rxc3
60. Nd3 Kxa2 61. Nf2 b4 62. Kf4 b3 63. Kg4 Rc4+ 64. Kh5 b2 65. Ng4 b1=Q 66. Kxh4
Qe1+ 67. Kg5 Rc5+ 68. Kf6 Qh4+ 69. Ke6 Qxh3 70. Kd6 Rc4 71. Ne5 Rd4+ 72. Ke7
Qh7+ 73. Ke6 a5 74. Nc6 Qe4+ 75. Ne5 Qd5+ 76. Kf5 a4 77. Kf6 Rf4+ 78. Kg5 Qxe5+
79. Kg6 Qf6+ 80. Kh5 Rh4# 0-1

[Event "Dezembro"]
[Site "http://www.queenalice.com/game.php?id=1827153"]
[Date "2023.12.13"]
[Round "-"]
[White "chyco"]
[Black "wj64"]
[Result "0-1"]
[WhiteElo "1517"]
[BlackElo "1636"]

1. e3 e5 2. Nf3 e4 3. Ne5 Qe7 4. Nc4 d5 5. Na5 c6 6. a3 Qg5 7. h4 Qe5 8. c3 b6
9. Nb3 a5 10. g3 c5 11. d3 a4 12. d4 cxd4 13. exd4 Qe6 14. N3d2 g6 15. Bb5+ Bd7
16. Bxd7+ Nxd7 17. Nf1 Ngf6 18. Be3 Ng4 19. Bf4 h5 20. Nbd2 Qf5 21. Ne3 Nxe3 22.
fxe3 Nf6 23. Qe2 Ra5 24. O-O-O Be7 25. Rhf1 Qe6 26. Kc2 Ng4 27. Bc7 f5 28. c4
Qc6 29. Bf4 Bd6 30. Rc1 Bxf4 31. gxf4 b5 32. c5 Rh7 33. Ra1 Rb7 34. Rfc1 Kd8 35.
Kd1 Kc8 36. b3 axb3 37. Nxb3 Ra4 38. Qd2 Kd7 39. Rc2 Rba7 40. Rca2 Ke6 41. Nc1
Qa6 42. Qc3 Rc4 43. Qb3 Qc6 44. Ne2 Raa4 45. Nc3 Nxe3+ 46. Ke2 Rxc3 47. Qxc3 Nc4
48. Rb1 Qc7 49. Rf1 Qd8 50. Rg1 Kf7 51. Rg3 Qxh4 52. Rg1 Qh2+ 53. Kf1 Qxa2 54.
Rg2 Qb1+ 55. Ke2 Rxa3 56. Rg3 Rxc3 57. Rxc3 Qb2+ 0-1

[Event "Challenge"]
[Site "http://www.queenalice.com/game.php?id=1827345"]
[Date "2023.12.16"]
[Round "-"]
[White "Mr_SPOCK"]
[Black "chyco"]
[Result "0-1"]
[WhiteElo "1748"]
[BlackElo "1491"]

1. e4 e6 2. e5 g5 3. Qh5 a6 4. d4 h6 5. Nh3 Ne7 6. Bxg5 Rg8 7. Bf6 Nbc6 8. d5
exd5 9. Nd2 b5 10. Nf3 d6 11. exd6 Rg6 12. dxe7 Bxe7 13. Bd3 Rxf6 14. O-O-O Be6
15. Nfg5 Ne5 16. Nh7 Bg4 17. Qxe5 Re6 18. Qh8+ Kd7 19. Qd4 c6 20. f3 Bh5 21. g4
Bg6 22. Bf1 Qa5 23. Kb1 Bxh7 24. Nf4 Bf6 25. Qf2 Qb4 26. b3 Qc3 27. Kc1 Qb2+ 28.
Kd2 Qxc2# 0-1

[Event "Challenge"]
[Site "http://www.queenalice.com/game.php?id=1828512"]
[Date "2024.1.5"]
[Round "-"]
[White "chyco"]
[Black "Mr_SPOCK"]
[Result "0-1"]
[WhiteElo "1528"]
[BlackElo "1624"]

1. e3 e5 2. g3 e4 3. c4 d5 4. b3 Bb4 5. a3 Ba5 6. b4 Bxb4 7. axb4 d4 8. Ne2 d3
9. Nd4 Nf6 10. Qa4+ Nbd7 11. Nf5 O-O 12. Bh3 c6 13. Ba3 b5 14. cxb5 Nb6 15. Qa5
Qe8 16. bxc6 Qd8 17. b5 Re8 18. Qc3 Nbd5 19. Qc4 a6 20. Nd6 Bxh3 21. Nc3 Be6 22.
Qa4 Re7 23. bxa6 Nb6 24. Ndxe4 Nxa4 25. Nxf6+ gxf6 26. Nxa4 Rc7 27. O-O Rxc6 28.
Nc5 Rcxa6 29. Nxa6 Rxa6 30. Bb2 Ba2 31. Rfc1 h5 32. Rc5 h4 33. Bc3 h3 34. Rb5
Qa8 35. Rb2 Qg2# 0-1

[Event "Challenge"]
[Site "http://www.queenalice.com/game.php?id=1829913"]
[Date "2024.1.23"]
[Round "-"]
[White "wj64"]
[Black "chyco"]
[Result "0-1"]
[WhiteElo "1662"]
[BlackElo "1516"]

1. e4 e6 2. e5 a6 3. Nf3 g5 4. d4 h6 5. g4 Nc6 6. c3 b5 7. b4 Bb7 8. a3 f6 9.
Nbd2 Nce7 10. Bd3 Bg7 11. Be4 Bxe4 12. Nxe4 fxe5 13. dxe5 Nd5 14. Qe2 Nge7 15.
Bb2 Nf4 16. Qf1 d6 17. exd6 cxd6 18. Rd1 d5 19. Nc5 Nc6 20. Nb7 Qc7 21. Nc5 Nb8
22. Nxe6 Nxe6 23. Rxd5 O-O 24. Qe2 Nf4 25. Qd1 Re8+ 26. Kf1 Qc4+ 27. Kg1 Nxd5
28. h3 Nc6 29. Kh2 Rad8 30. Nd2 Qf4+ 31. Kg2 Ne3+ 32. fxe3 Rxe3 33. Qf3 Rxd2+
0-1

[Event "Challenge"]
[Site "http://www.queenalice.com/game.php?id=1830304"]
[Date "2024.1.27"]
[Round "-"]
[White "Mr_SPOCK"]
[Black "chyco"]
[Result "0-1"]
[WhiteElo "1581"]
[BlackElo "1519"]

1. e4 e6 2. e5 a6 3. Nf3 b5 4. d4 c6 5. Bd3 g6 6. O-O Ne7 7. Bg5 h6 8. Bh4 g5 9.
Bg3 Nd5 10. Nc3 Nb6 11. Nd2 Bb4 12. Qh5 Qe7 13. Nde4 Nd5 14. a3 Ba5 15. Nxd5
cxd5 16. Nf6+ Kd8 17. c3 Nc6 18. b4 Bb6 19. a4 Bb7 20. a5 Bc7 21. h4 Qf8 22. f4
gxh4 23. Qxh4 Kc8 24. f5 Bd8 25. fxe6 dxe6 26. c4 Nxb4 27. Be2 bxc4 28. Ra4 Nc2
29. Bd1 Ne3 30. Be2 Nxf1 31. Kxf1 Be7 32. Qf4 Bc6 33. Ra2 Qg7 34. Bh4 Qg6 35.
Bg4 Qb1+ 36. Be1 Qxa2 37. Nh5 Rh7 38. Nf6 Rh8 39. Bh5 Bb5 40. Bc3 Kb7 41. Bxf7
Qb1+ 42. Kf2 Qc2+ 43. Kg1 Qxc3 44. Nh5 Raf8 45. Ng7 Rh7 46. Nxe6 Rfxf7 47. Qg4
Qe1+ 48. Kh2 h5 49. Qg6 Qh4+ 50. Kg1 c3 51. Nd8+ Bxd8 52. e6 Rf1# 0-1

[Event "Branco"]
[Site "http://www.queenalice.com/game.php?id=1832899"]
[Date "2024.3.7"]
[Round "-"]
[White "wj64"]
[Black "chyco"]
[Result "1/2-1/2"]
[WhiteElo "1653"]
[BlackElo "1529"]

1. c4 e5 2. Nc3 c6 3. a3 g6 4. e4 Bc5 5. b4 Bd4 6. Bb2 Qf6 7. Qf3 Qxf3 8. Nxf3
d6 9. Na4 Nf6 10. Bxd4 exd4 11. Nxd4 Nxe4 12. Bd3 Nf6 13. O-O O-O 14. Rae1 Bg4
15. f3 Bc8 16. g4 a5 17. Bc2 Bd7 18. g5 Nh5 19. Bb3 Nf4 20. c5 d5 21. Nb6 Ra7
22. Re7 Bh3 23. Rfe1 Nd3 24. R1e3 Kg7 25. Rxd3 h6 26. f4 hxg5 27. Rxh3 gxf4 28.
Ne6+ Kf6 29. Nxf8 Kxe7 30. Rh8 Kf6 31. Nc8 Ra8 32. Nd7+ Nxd7 33. Re8 Ne5 34. Bd1
Nd3 35. bxa5 Nxc5 36. h4 Na6 37. h5 gxh5 38. Bxh5 Nc7 39. Rf8 Ke5 40. Kf2 f6 41.
Kf3 Ne6 42. Re8 Rxa5 43. Bf7 Rxa3+ 44. Kf2 Kd4 45. Rxe6 b5 46. Rxc6 Ra2 47. Rxf6
Rxd2+ 48. Ke1 Kd3 49. Rxf4 Re2+ 50. Kd1 Rd2+ 51. Ke1 Re2+ 52. Kf1 Ke3 53. Bh5
Kxf4 54. Kxe2 Ke5 55. Be8 b4 56. Ba4 Ke4 57. Bb3 Kd4 58. Nb6 Kc3 59. Bxd5 b3 60.
Kd1 b2 61. Na4+ Kd4 62. Ba2 Kd3 63. Nxb2+ Kc3 64. Kc1 Kd4 65. Kc2 Ke5 66. Nd3+
Kd6 67. Kc3 Ke7 68. Kd4 Kf6 69. Ke4 Ke7 70. Ke5 Kd7 71. Bd5 Kc7 72. Ke6 Kb6 73.
Kd6 Kb5 74. Ba2 Ka4 75. Kc5 Ka3 76. Bc4 Ka4 77. Nb4 Ka3 78. Ba2 Kb2 79. Kd4 Kc1
80. Kd3 Kd1 81. Bb3+ Ke1 82. Ke3 Kf1 83. Kf3 Ke1 84. Bc4 Kd2 85. Nd5 Ke1 86. Ne3
Kd2 87. Nd5 Ke1 88. Ke3 Kd1 89. Nf4 Kc2 90. Ne2 Kb2 91. Kd3 Ka3 92. Kc3 Ka4 93.
Nd4 Ka5 94. Bd3 Kb6 95. Be4 Kc7 96. Bc6 Kd6 97. Kc4 Ke5 98. Nf3+ Kd6 99. Be4 Ke6
100. Kd4 Kd6 101. Ng5 Ke7 102. Ke5 Kd7 103. Ne6 Ke7 104. Bc6 Kf7 105. Kf5 Ke7
106. Bd5 Kd6 107. Ke4 Ke7 108. Ke5 Kf7 109. Be4 Ke7 110. Bd5 Kf7 111. Kf5 Ke7
112. Ke5 Kf7 113. Ng5+ Kg6 114. Nf7 Kh5 115. Bf3+ Kh4 116. Kf4 Kh3 117. Ne5 Kh2
118. Nd3 Kg1 119. Ke3 Kh2 120. Kf2 Kh3 121. Nf4+ Kh4 122. Ke3 Kg5 123. Kf2 Kxf4
124. Ke1 Kxf3 125. Kf1 Kf4 1/2-1/2

[Event "Preto"]
[Site "http://www.queenalice.com/game.php?id=1832900"]
[Date "2024.3.7"]
[Round "-"]
[White "wj64"]
[Black "chyco"]
[Result "1-0"]
[WhiteElo "1729"]
[BlackElo "1537"]

1. b4 b5 2. Nc3 c6 3. e4 e5 4. d4 d6 5. d5 a6 6. h3 Be7 7. Qf3 g5 8. g4 h6 9.
Be3 Nd7 10. Nge2 Bb7 11. dxc6 Bxc6 12. Ng3 Bf6 13. Nh5 Be7 14. Ng7+ Kf8 15. Ne6+
Ke8 16. Nxd8 Rxd8 17. Rd1 Ngf6 18. h4 Nf8 19. h5 Bd7 20. Bb6 Rc8 21. Bg2 Bxg4
22. Qd3 Bxd1 23. Nxd1 N8d7 24. Ba5 Rc4 25. Nb2 Rc6 26. f3 g4 27. fxg4 Nxg4 28.
Qd5 Nb8 29. Rf1 Ne3 30. Qxf7+ Kd7 31. Bh3+ 1-0